Discursos sobre la disputa en torno a la Isla Calero en Nicaragua y Costa Rica /
Guardat en:
| Autor principal: | |
|---|---|
| Format: | Text |
| Idioma: | Spanish |
| Matèries: | |
| Etiquetes: |
Afegir etiqueta
Sense etiquetes, Sigues el primer a etiquetar aquest registre!
|
MARC
| LEADER | 00000 a a2200000 04500 | ||
|---|---|---|---|
| 001 | 45841 | ||
| 003 | cru CRAI/IIS | ||
| 005 | 20210609112437.0 | ||
| 008 | 210609b |||||||| |||| 00| 0 spa d | ||
| 040 | |c CRAI/IIS | ||
| 100 | 1 | |a Natving, Anne | |
| 245 | 1 | |a Discursos sobre la disputa en torno a la Isla Calero en Nicaragua y Costa Rica / |c Anne Natvig | |
| 500 | |a Colección Centroamérica | ||
| 650 | 0 | |9 6043 |a FRONTERAS | |
| 650 | 0 | |9 4728 |a CONFLICTOS | |
| 651 | 0 | |9 32 |a COSTA RICA | |
| 651 | 0 | |9 1861 |a NICARAGUA | |
| 773 | |g volumen39 (2013), páginas 289-310 : tablas | ||
| 942 | |2 ddc |c PP | ||
| 999 | |c 17874 |d 17874 | ||
| 773 | 0 | |0 18765 |9 5757 |a Universidad de Costa Rica. |d San José, Costa Rica: Editorial Universidad de Costa Rica, 1974- |o 15291 |t Anuario de Estudios Centroamericanos / |x 03777316 | |
